Mechanics of materials / (رقم التسجيلة. 29879)
[ عرض عادي ]
| 000 -الفاتح | |
|---|---|
| حقل البيانات ثابتة الطول | 00694nam a22002655a 4500 |
| 001 - رقم الضبط | |
| رقم الضبط | 17104825 |
| 003 - محدد رقم الضبط | |
| رقم الضبط | OSt |
| 005 - وقت وتاريخ اخر تعامل مع التسجيلة | |
| رقم الضبط | 20150408114133.0 |
| 008 - عناصر البيانات ثابتة الطول - معلومات عامة | |
| حقل البيانات ثابتة الطول | 120104s2012 ohu 000 0 eng |
| 010 ## - رقم ضبط مكتبة الكونجرس | |
| رقم ضبط مكتبة الكونجرس | 2012930214 |
| 020 ## - الرقم الدولى المعيارى للكتب | |
| الرقم الدولى المعيارى للكتاب | 9781111577742 |
| 040 ## - مصدر الفهرسة | |
| وكالة الفهرسة الأصلية | DLC |
| وكالة النسخ | DLC |
| 042 ## - رمز التحقق | |
| رمز التحقق | pcc |
| 082 ## - رقم تصنيف ديوى العشرى | |
| رقم الطبعة | 22 |
| رقم التصنيف | 620.11292 |
| رقم المادة | GBM |
| 100 1# - المدخل الرئيسى - إسم شخصى | |
| الإسم الشخصى | Goodno, Barry J. |
| 9 (RLIN) | 35664 |
| 245 10 - بيان العنوان | |
| العنوان | Mechanics of materials / |
| بيان المسئوليه,etc | Barry J. Goodno. |
| 250 ## - بيان الطبعة | |
| بيان الطبعة | 8e Ed. |
| 260 ## - PUBLICATION, DISTRIBUTION, ETC. (IMPRINT) | |
| مكان الناشر او الموزع | Mason, OH : |
| اسم الناشر او الموزع | Cengage Learning, |
| تاريخ النشر أو التوزيع | 2012. |
| 263 ## - تاريخ النشر المتوقع | |
| تاريخ النشر المتوقع | 1203 |
| 300 ## - الوصف المادى | |
| التعداد | p. cm. |
| 650 ## - المدخل الاضافى بالموضوع-مصطلح موضوعى | |
| مصطلح موضوعي أو اسم جغرافي كعنصر مدخل | Strength of materials |
| 9 (RLIN) | 12054 |
| 906 ## - عنصر بيانات محلى F, LDF (RLIN) | |
| a | 0 |
| b | ibc |
| c | orignew |
| d | 2 |
| e | epcn |
| f | 20 |
| g | y-gencatlg |
| 942 ## - عناصر المدخل الإضافي( كوها) | |
| مصدر التصنيف او مخطط الترفيف | Dewey Decimal Classification |
| Koha [default] item type | كتاب |
| حالة الفقد | نموذج السعر الفعال | حالة تلف | ليس للاعارة | رقم الطلب | رقم النسخة | تاريخ الاكتساب | الموقع الحالي | الباركود | الفرع الرئيسي | Date last seen | نوع المادة فى نظام كوها | مصدر التصنيف او خطة الترفيف | Total Checkouts |
|---|---|---|---|---|---|---|---|---|---|---|---|---|---|
| 2013-04-27 | Not For Loan | 620.11292 GBM | 1 | 2013-04-27 | المكتبة المركزية بالمجمعة (CL) | 00306717 | المكتبة المركزية بالمجمعة (CL) | 2013-04-27 | كتاب | Dewey Decimal Classification | |||
| 2013-04-27 | 620.11292 GBM | 2 | 2013-04-27 | المكتبة المركزية بالمجمعة (CL) | 00306718 | المكتبة المركزية بالمجمعة (CL) | 2013-04-27 | كتاب | Dewey Decimal Classification | ||||
| 2013-04-27 | 620.11292 GBM | 3 | 2013-04-27 | المكتبة المركزية بالمجمعة (CL) | 00306719 | المكتبة المركزية بالمجمعة (CL) | 2013-04-27 | كتاب | Dewey Decimal Classification | ||||
| 2013-04-27 | Not For Loan | 620.11292 GBM | 1 | 2013-04-27 | مكتبة كلية العلوم و الدراسات الإنسانية برماح - طالبات (SRF) | 00306722 | مكتبة كلية العلوم و الدراسات الإنسانية برماح - طالبات (SRF) | 2013-04-27 | كتاب | Dewey Decimal Classification | |||
| 2013-04-27 | Not For Loan | 620.11292 GBM | 2 | 2013-04-27 | مكتبة كلية العلوم و الدراسات الإنسانية برماح - طالبات (SRF) | 00306723 | مكتبة كلية العلوم و الدراسات الإنسانية برماح - طالبات (SRF) | 2013-04-27 | كتاب | Dewey Decimal Classification | |||
| 2013-04-27 | Not For Loan | 620.11292 GBM | 1 | 2013-04-27 | مكتبة كلية العلوم و الدراسات الإنسانية برماح - طلاب (SRM) | 00306724 | مكتبة كلية العلوم و الدراسات الإنسانية برماح - طلاب (SRM) | 2013-04-27 | كتاب | Dewey Decimal Classification | |||
| 2013-04-27 | 620.11292 GBM | 2 | 2013-04-27 | مكتبة كلية العلوم و الدراسات الإنسانية برماح - طلاب (SRM) | 00306725 | مكتبة كلية العلوم و الدراسات الإنسانية برماح - طلاب (SRM) | 2013-04-27 | كتاب | Dewey Decimal Classification | ||||
| 2013-04-27 | Not For Loan | 620.11292 GBM | 1 | 2013-04-27 | مكتبة مجمع الطالبات بالمجمعة (EMF) | 00306720 | مكتبة مجمع الطالبات بالمجمعة (EMF) | 2013-04-27 | كتاب | Dewey Decimal Classification | |||
| 2013-04-27 | 620.11292 GBM | 2 | 2013-04-27 | مكتبة مجمع الطالبات بالمجمعة (EMF) | 00306721 | مكتبة مجمع الطالبات بالمجمعة (EMF) | 2013-04-27 | كتاب | Dewey Decimal Classification |
